000 00618nam a2200241Ia 4500
003 OSt
005 20221005045120.0
006 a|||||r|||| 00| 0
007 ta
008 221004b |||||||| |||| 00| 0 hin d
024 _a73769
037 _cTextual
040 _aCRL
_cCRL
_bhin
041 _2hin
_ahin
082 _aO152,1I83:g, L0
100 _aSharma Munshiram
245 0 _aSur saurabh
260 _aKanpur
_bGrantham India
_c1970
300 _a336p.
_ccm.
650 _aENGLISH LITERATURE
942 _hO152,1I83:g, L0
_cTEXL
_2cc
999 _c954415
_d954415